000 00416nam a22001457a 4500
020 _qPB.
040 _cFIZZA ISHAQ
082 _a332.076
_bCFA
100 _aINSTITUTE,CFA.
_9133802
245 _aETHICAL AND PROFESSIONAL STANDARDS AND QUANTITATIVE METHODS /
_cCFA INSTITUTE.
250 _aVOLUME 1.
260 _aNEW YORK ;
_bPEARSON CUSTOM PUBLISHING,
_c2009.
300 _a524 P. ;
_c11.1X8.8IN
942 _2ddc
_cBK
999 _c617048
_d617048